Mechanics of structures, vol.1 (Strength of Materials)(Entirely in SI Units) (Record no. 13084)
[ view plain ]
| 000 -LEADER | |
|---|---|
| fixed length control field | 00485cam a2200169ua 4500 |
| 003 - CONTROL NUMBER IDENTIFIER | |
| control field | OSt |
| 008 - FIXED-LENGTH DATA ELEMENTS--GENERAL INFORMATION | |
| fixed length control field | 250602b |||||||| |||| 00| 0 eng d |
| 020 ## - INTERNATIONAL STANDARD BOOK NUMBER | |
| ISBN | 9789380358659 |
| 082 ## - DEWEY DECIMAL CLASSIFICATION NUMBER | |
| Classification number | 624.171 |
| Item number | SHA/ME |
| 100 ## - MAIN ENTRY--AUTHOR NAME | |
| Personal name | Shah, H J . |
| 100 ## - MAIN ENTRY--AUTHOR NAME | |
| Personal name | Junnarkar, S B . |
| 245 ## - TITLE STATEMENT | |
| Title | Mechanics of structures, vol.1 (Strength of Materials)(Entirely in SI Units) |
| 250 ## - EDITION STATEMENT | |
| Edition statement | 27 / 30 |
| 260 ## - PUBLICATION, DISTRIBUTION, ETC. (IMPRINT) | |
| Place of publication | Anand : |
| Name of publisher | Charotar Publishing House Pvt.Ltd |
| Year of publication | 2012 |
| 300 ## - PHYSICAL DESCRIPTION | |
| Number of Pages | 987 |
| Accompanying material | `. |
| 942 ## - ADDED ENTRY ELEMENTS (KOHA) | |
| Koha item type | Books |
| Withdrawn status | Lost status | Damaged status | Home library | Current library | Date acquired | Full call number | Accession Number | Koha item type | Collection code | Shelving location | Source of acquisition | Cost, normal purchase price |
|---|---|---|---|---|---|---|---|---|---|---|---|---|
| KAUAET | KAUAET | 07/04/2012 | 624.171 SHA/ME | 21506 | Books | |||||||
| KAUAET | KAUAET | 21/06/2016 | 624.171 SHA/ME | 24677 | Books | General Stacks | Aman Book Stall Calicut | 325.00 |
